000 00428nam a2200169Ia 4500
999 _c10334
_d10334
003 OSt
005 20220314183631.0
008 220308s9999 xx 000 0 und d
020 _a9783037681244
082 _a725.51094
_bCHR
100 _a Christine Nickl-Weller 
245 0 _aHospital architecture
260 _b ‎ Thames & Hudson; New edition (12 November 2012)
365 _cGBP
365 _d69.95
942 _2ddc